000
00280 a2200097 4500
082
_a
624.03 SHE
100
_a
Shekhar,R.K.C.
245
_a
Academic Dictionary of Civil Engineering /
_c
Edited by R.K.C.Shekhar
260
_a
Delhi :
_c
Isha Books,
_b
2005
300
_a
254p. :
_c
23cm
650
_a
Engineering dictionary
999
_c
1893
_d
1893